[Event "GBR-ch blitz (Women)"]
[Site "Birmingham"]
[Date "2019.11.16"]
[Round "15"]
[White "Mirza, Diana"]
[Black "Gamal, Alaa"]
[Result "1/2-1/2"]
[WhiteElo "1772"]
[BlackElo "1709"]
[PlyCount "145"]
[EventDate "2019.11.16"]
[EventType "tourn (blitz)"]
[EventRounds "15"]
[EventCountry "ENG"]
[SourceTitle "CBM 193 Extra"]
[Source "ChessBase"]
[SourceDate "2020.01.31"]
[SourceVersion "1"]
[SourceVersionDate "2020.01.31"]
[SourceQuality "1"]

1. d4 Nf6 2. Nf3 g6 3. Nbd2 Bg7 4. e4 d6 5. Bd3 c5 6. c3 0-0 7. 0-0 Bg4 8. h3 Bd7 9. Nb3 Qc7 10. Qe2 a6 11. Bf4 b5 12. dxc5 e5 13. cxd6 Qxd6 14. Bxe5 Qb6 15. Bd4 Qc7 16. e5 Nd5 17. Be4 Bc6 18. Qc2 Nd7 19. Rad1 Nf4 20. Bxc6 Qxc6 21. Rfe1 Ne6 22. Qe4 Qc7 23. Qd5 Rad8 24. Qd6 Qb7 25. Na5 Qa8 26. Nc6 Nxe5 27. Nxd8 Nxf3+ 28. gxf3 Rxd8 29. Qg3 Nxd4 30. cxd4 Qd5 31. Re4 Qxa2 32. Qc7 Qd5 33. Qe7 Bf8 34. Qe5 Qb3 35. d5 Qxd1+ 36. Kg2 Qxd5 37. Qc7 Rd7 38. Qc8 Rd8 39. Qc7 Qg5+ 40. Rg4 Qe7 41. Qc6 Qc5 42. Qxa6 Rc8 43. Qf6 b4 44. Rd4 Qe7 45. Qa6 Rd8 46. Re4 Qg5+ 47. Rg4 Qc1 48. Qf6 Rc8 49. Rf4 Rc7 50. Qd8 Re7 51. Rxb4 Qg5+ 52. Rg4 Qc5 53. Ra4 Qc1 54. Ra8 Qg5+ 55. Kf1 Qc1+ 56. Kg2 Qg5+ 57. Kh2 Qf4+ 58. Kg2 Qg5+ 59. Kf1 Qc1+ 60. Kg2 Qg5+ 61. Kh2 Qe5+ 62. Kg2 Qg5+ 63. Kf1 Qc1+ 64. Kg2 Qg5+ 65. Kf1 Qc1+ 66. Kg2 Qg5+ 67. Kf1 Qc1+ 68. Kg2 Qg5+ 69. Kf1 Qb5+ 70. Kg2 Qg5+ 71. Kf1 Qc1+ 72. Kg2 Qg5+ 73. Kf1 1/2-1/2

[Event "GBR-ch blitz (Women)"]
[Site "Birmingham"]
[Date "2019.11.16"]
[Round "4"]
[White "Raghavendra, Mahima"]
[Black "Gamal, Alaa"]
[Result "0-1"]
[WhiteElo "1486"]
[BlackElo "1709"]
[PlyCount "58"]
[EventDate "2019.11.16"]
[EventType "tourn (blitz)"]
[EventRounds "15"]
[EventCountry "ENG"]
[SourceTitle "CBM 193 Extra"]
[Source "ChessBase"]
[SourceDate "2020.01.31"]
[SourceVersion "1"]
[SourceVersionDate "2020.01.31"]
[SourceQuality "1"]

1. d4 Nf6 2. c4 c5 3. Nf3 b6 4. Nc3 cxd4 5. Nxd4 Bb7 6. Bf4 d6 7. Nf3 g6 8. g3 Nh5 9. Bc1 Bg7 10. Bg2 0-0 11. 0-0 Nd7 12. e4 Nc5 13. Nd2 Nf6 14. Qc2 Rc8 15. Rb1 a5 16. a4 Nfd7 17. Re1 Ne5 18. Bf1 Qd7 19. f4 Nc6 20. Ne2 Nb4 21. Qd1 Ncd3 22. Nc3 Nxe1 23. Qxe1 Bd4+ 24. Kh1 Nc2 25. Qe2 Bg7 26. Nf3 Nb4 27. Be3 Qc6 28. Nd5 Rc7 29. Nxc7 Qxc7 0-1